Jeppy on U.S. State Flags - Statistics

General Stats
  • This quiz has been taken 30 times
    23 since last reset
  • The average score is 13 of 16
Answer Stats
Picture Answer % Correct
Colorado
95%
Hawaii
95%
New Mexico
95%
Ohio
95%
South Carolina
95%
Alaska
89%
Texas
84%
Arkansas
79%
Rhode Island
79%
Tennessee
74%
California
68%
Indiana
68%
Iowa
68%
Minnesota
68%
Mississippi
68%
Nevada
53%
No matching quizzes found
Score Distribution
Percent of People with Each Score
Percentile by Number Answered
Your Score History
You have not taken this quiz since the last reset